2010s Album Covers - Click Quiz - Statistics

General Stats
  • This quiz has been taken 967 times
  • The average score is 16 of 20
Answer Stats
Hint Extra Hint Answer % Correct
25 Adele
95%
1989 Taylor Swift
92%
Thank U, Next Ariana Grande
91%
When We All Fall Asleep, Where Do We Go? Billie Eilish
90%
Teenage Dream Katy Perry
90%
Take Care Drake
88%
Fine Line Harry Styles
86%
Random Access Memories Daft Punk
85%
Illuminate Shawn Mendes
84%
Starboy The Weeknd
84%
Unorthodox Jukebox Bruno Mars
81%
Blonde Frank Ocean
79%
Norman F*cking Rockwell! Lana Del Rey
77%
AM Arctic Monkeys
77%
Coloring Book Chance The Rapper
73%
Melodrama Lorde
72%
Anti Rihanna
71%
Lemonade Beyoncé
69%
To Pimp a Butterfly Kendrick Lamar
66%
My Beautiful Dark Twisted Fantasy Kanye West
62%
No matching quizzes found
Score Distribution
Percent of People with Each Score
Percentile by Number Answered
Your Score History
You have not taken this quiz